Statistiques concernant Noms de Pokémon par symboles d'éléments chimiques n°4

Cliquez ici pour prendre le quiz!

Statistiques générales

  • Ce quiz a été pris 281 fois
  • Le résultat moyen est 4 sur 5

Statistiques - réponses

Eléments chimiquesPokémon% Correct
Carbone-Hydrogène-Argon-BismuthCharbi
95%
Carbone-Hélium-Nickel-Protactinium-AzoteChenipan
92%
Flérovium-Américium-Bismuth-NobéliumFlambino
87%
Rhénium-Soufre-Hydrogène-Iridium-AmériciumReshiram
83%
Potassium-Radium-Potassium-OsmiumKrakos
80%

Distribution des résultats

Percentile par nombre de réponses

% des personnes avec chaque résultat

Votre développement - résultats

Vous n’avez pas pris ce quiz